00338pab a2200121 454500008004000000100002300040245009600063260000900159300001300168362000800181650001600189773001100205180718b2011 xxu||||| |||| 00| 0 eng d aMeena, Prabhudayal aLand reforms: Land reforms and the institutional mechanism for its effective implementation c2011 ap.19-22. aOct aLand reform aYojana